Spanish Nature and Weather Vocab - Statistics

General Stats
  • This quiz has been taken 45 times
  • The average score is 5 of 17
Answer Stats
Spanish English % Correct
Tormenta Storm
87%
Nube Cloud
84%
Trueno Thunder
55%
Brisa Breeze
52%
Relámpago Lightning
45%
Hoja Leaf
32%
Tronco Trunk
29%
Raíz Root
26%
Árido Dry
19%
Llovizna Drizzle
16%
Barro Mud
16%
Sendero Trail
13%
Arbusto Puddle
10%
Orilla Shore
10%
Zanja Ditch
6%
Hacer senderismo To Hike
6%
Pozo Pit
3%
No matching quizzes found
Score Distribution
Percent of People with Each Score
Percentile by Number Answered
Your Score History
You have not taken this quiz